Normal view MARC view
  • Aristóteles,

Entry Nombre Personal

Number of records used in: 9

001 - NUMERO DE CONTROL

  • campo de control: 6910

003 - IDENTIFICADOR DE NUMERO DE CONTROL

  • campo de control: UPN

005 - FECHA Y HORA DE LA ÜLTIMA TRANSACCIÓN

  • campo de control: 20231026153240.0

008 - DATOS DE LONGITUD FIJA

  • campo de control de longitud fija: 231026n||acnnnbabn | ana |d

035 ## - NUMERO DE CONTROL

  • Número de control: UPN10000006912

040 ## - FUENTE DE CATALOGACIÓN

  • Agencia original de catalogación: MX-MxUPN
  • Lenguaje de catalogación: spa
  • Agencia de transcripción: MX-MxUPN

100 0# - ENCABEZAMIENTO - NOMBRE PERSONAL

  • Nombre personal: Aristóteles,
  • Fechas asociadas con el nombre: 384-322 A.C.
  • Subdivisión temática general : Crítica e interpretación

670 ## - FUENTE EN LA QUE SE LOCALIZARON DATOS

  • Cita de la fuente: T/P
  • Información localizada: Salvat universal

902 ## - CATALOGADOR

  • Catalogador: MEEG/010807